00358nam a2200133Ia 4500008004100000020001500041082001700056100001900073245006400092250000800156260004400164300000800208650000800216191201s2002 xx 000 0 und d a8185015961 a005.131bHOI aHOPCROFT, John 0aIntroduction to Automata Theory, Languages, and Computation aRep aN.DelhibNarosa Publication Housec2002 a418 aMCA